000 00603cam a22002171 4500
001 sa 68014560
003 DLC
005 20260227112632.0
008 890403s1966 io ach 000 0 ind
010 _asa 68014560
035 _a(OCoLC)23570490
040 _aDLC
_cMiU
_dDLC
042 _apremarc
043 _aa-io---
050 0 0 _aDS644
_b.N672
100 1 _aNotosoetardjo, Achmad,
_cHadji,
_ecomp.
245 1 0 _aPeristiwa Madiun tragedi nasional,
260 _aDjakarta,
_b"Endang,"
_c1966.
300 _a227 p.
_billus., facsims., ports.
_c22 cm.
651 0 _aIndonesia
_xPolitics and government
999 _c85878
_d85878